000 00547nam a22002057a 4500
999 _c7886
_d7886
003 OSt
005 20220426101902.0
008 220426b ||||| |||| 00| 0 eng d
020 _a9780071326339
040 _cDDC
082 _a658.3 IVA ,2013
100 _aIVANCEVICH JOHN M
_916023
245 _aHUMAN RESOURCE MANAGEMENT
250 _a12TH ED
260 _aNEWYORK
_bMCGRAW HILL;
_c2013
300 _aXVIII,622P.
_bILLCOL;
_c25CM
504 _aINCLUDES APPENDIX AND INDEX
650 _aHUNAN RESOURCE MANAGEMENT
_916024
942 _2ddc
_cBOOK